The Debt Boomerang (Record no. 22095)
[ view plain ]
| 000 -LEADER | |
|---|---|
| fixed length control field | 00809nam a22003017a 4500 |
| 003 - CONTROL NUMBER IDENTIFIER | |
| control field | IBSLLIB |
| 005 - DATE AND TIME OF LATEST TRANSACTION | |
| control field | 20260510093804.0 |
| 008 - FIXED-LENGTH DATA ELEMENTS--GENERAL INFORMATION | |
| fixed length control field | 260510b |||||||| |||| 00| 0 eng d |
| 020 ## - INTERNATIONAL STANDARD BOOK NUMBER | |
| International Standard Book Number | 0745305946 |
| 040 ## - CATALOGING SOURCE | |
| Original cataloging agency | IBSLLIB |
| Language of cataloging | English |
| 041 ## - LANGUAGE CODE | |
| Language code of original | ENGLISH |
| 082 ## - DEWEY DECIMAL CLASSIFICATION NUMBER | |
| Classification number | 336.3 |
| Item number | GEO |
| 100 ## - MAIN ENTRY--PERSONAL NAME | |
| Personal name | George , Susan |
| 245 ## - TITLE STATEMENT | |
| Title | The Debt Boomerang |
| Remainder of title | How Third World Debt Harms Us All |
| 260 ## - PUBLICATION, DISTRIBUTION, ETC. (IMPRINT) | |
| Place of publication, distribution, etc. | USA ; |
| Name of publisher, distributor, etc. | Pluto Press |
| Date of publication, distribution, etc. | 1992 |
| 300 ## - PHYSICAL DESCRIPTION | |
| Extent | 202 P ; |
| Dimensions | 21 cm |
| 650 ## - SUBJECT ADDED ENTRY--TOPICAL TERM | |
| Topical term or geographic name as entry element | The Debt Boomerang |
| 653 ## - INDEX TERM--UNCONTROLLED | |
| Uncontrolled term | The Boomerang Shows How |
| 653 ## - INDEX TERM--UNCONTROLLED | |
| Uncontrolled term | Deforestation |
| 653 ## - INDEX TERM--UNCONTROLLED | |
| Uncontrolled term | Cocaine |
| 653 ## - INDEX TERM--UNCONTROLLED | |
| Uncontrolled term | You Are Paying |
| 653 ## - INDEX TERM--UNCONTROLLED | |
| Uncontrolled term | Jobs |
| 653 ## - INDEX TERM--UNCONTROLLED | |
| Uncontrolled term | Immigration |
| 653 ## - INDEX TERM--UNCONTROLLED | |
| Uncontrolled term | Conflict and War |
| 653 ## - INDEX TERM--UNCONTROLLED | |
| Uncontrolled term | How Northern Taxpayers are Bailing Out The Banks |
| 653 ## - INDEX TERM--UNCONTROLLED | |
| Uncontrolled term | Lost Jobs and Markets |
| 942 ## - ADDED ENTRY ELEMENTS (KOHA) | |
| Koha item type | Lending Book |
| Withdrawn status | Lost status | Damaged status | Not for loan | Collection code | Permanent Location | Current Location | Shelving location | Date acquired | Source of acquisition | Inventory number | Full call number | Barcode | Koha item type |
|---|---|---|---|---|---|---|---|---|---|---|---|---|---|
| Lending Collection | IBSL Library | IBSL Library | Lending Section | 30/04/2026 | Donation | 10896 | 336.3 GEO | 10896 | Lending Book |
